[Event "CAN-op"]
[Site "Winnipeg CAN"]
[Date "1997.07.13"]
[Round "2"]
[White "Teodoro, Eduardo"]
[Black "Perron, Sean"]
[Result "1/2-1/2"]
[WhiteElo "2471"]
[BlackElo "2154"]
[PlyCount "99"]
[GameId "2160767911932564"]
[EventDate "1997.07.12"]
[EventType "swiss"]
[EventRounds "10"]
[EventCountry "CAN"]
[SourceTitle "EXP 60"]
[Source "ChessBase"]
[SourceDate "1997.11.24"]
[SourceVersion "1"]
[SourceVersionDate "1997.11.24"]
[SourceQuality "1"]

1. e4 e6 2. d4 d5 3. exd5 exd5 4. c4 Nf6 5. Nc3 Be7 6. Bd3 O-O 7. Nge2 c6 8. O-O dxc4 9. Bxc4 Nbd7 10. Bb3 Nb6 11. Be3 Bf5 12. Ng3 Bg6 13. f4 h6 14. f5 Bh7 15. Qf3 Nbd5 16. Rad1 Qd7 17. Bc1 Rad8 18. Kh1 Rfe8 19. Nge4 Nxe4 20. Nxe4 Nf6 21. Nxf6+ Bxf6 22. d5 cxd5 23. Bxd5 Qc8 24. g4 Re7 25. Be3 b6 26. Bf4 Red7 27. Rd2 Qc5 28. Rfd1 Qe7 29. Re2 Qc5 30. Red2 Qe7 31. b3 Kh8 32. Kg2 Bg5 33. Re2 Qc5 34. Bxg5 hxg5 35. Red2 Qe7 36. Rd3 Qf6 37. R1d2 g6 38. Be4 Rxd3 39. Rxd3 gxf5 40. gxf5 Rxd3 41. Qxd3 Kg7 42. a4 a5 43. Qc2 Bg8 44. Qd2 Bh7 45. Qf2 Bg8 46. Qd2 Qe7 47. Bd5 Bh7 48. Qd3 Qe5 49. Be4 Bg8 50. Bd5 1/2-1/2

[Event "CAN-op"]
[Site "Winnipeg CAN"]
[Date "1997.07.13"]
[Round "2"]
[White "Udarbe, Steve"]
[Black "Nickoloff, Bryon"]
[Result "0-1"]
[WhiteElo "1967"]
[BlackElo "2473"]
[PlyCount "84"]
[GameId "2160767911932565"]
[EventDate "1997.07.12"]
[EventType "swiss"]
[EventRounds "10"]
[EventCountry "CAN"]
[SourceTitle "EXP 60"]
[Source "ChessBase"]
[SourceDate "1997.11.24"]
[SourceVersion "1"]
[SourceVersionDate "1997.11.24"]
[SourceQuality "1"]

1. d4 Nf6 2. e3 g6 3. Nf3 Bg7 4. Nbd2 d6 5. Bc4 O-O 6. Qe2 Nbd7 7. c3 e5 8. dxe5 dxe5 9. e4 a5 10. Nf1 Nc5 11. Ng3 Qe7 12. Bg5 Ne6 13. Bxe6 Qxe6 14. Bxf6 Bxf6 15. O-O b6 16. Rfd1 Bg7 17. b3 Bh6 18. c4 Bb7 19. Re1 Rfd8 20. Rad1 Bf8 21. h3 Bc5 22. Rxd8+ Rxd8 23. Rd1 Re8 24. Qd2 Qf6 25. h4 Qf4 26. Qd7 Re7 27. Qd8+ Kg7 28. Kf1 Bxe4 29. Nxe4 Qxe4 30. Qd2 Qf5 31. Qe2 e4 32. Ng1 e3 33. f3 Qf4 34. Qe1 Qh2 35. Qe2 Qxh4 36. Rd5 Qf6 37. g3 c6 38. Rd3 Qe5 39. Kg2 g5 40. f4 Qe4+ 41. Kh2 gxf4 42. Qg4+ Qg6 0-1

[Event "CAN-op"]
[Site "Winnipeg CAN"]
[Date "1997.07.13"]
[Round "2"]
[White "Vukadinov, Milan"]
[Black "Kuczaj, Chris"]
[Result "1-0"]
[WhiteElo "2396"]
[BlackElo "2102"]
[PlyCount "99"]
[GameId "2160767911932566"]
[EventDate "1997.07.12"]
[EventType "swiss"]
[EventRounds "10"]
[EventCountry "CAN"]
[SourceTitle "EXP 60"]
[Source "ChessBase"]
[SourceDate "1997.11.24"]
[SourceVersion "1"]
[SourceVersionDate "1997.11.24"]
[SourceQuality "1"]

1. d4 Nf6 2. c4 e6 3. Nf3 b6 4. g3 Ba6 5. Qa4 c6 6. Bg2 b5 7. cxb5 cxb5 8. Qd1 Bb7 9. O-O Be7 10. Bg5 h6 11. Bxf6 Bxf6 12. Qd3 Qb6 13. Nc3 b4 14. Na4 Qa6 15. Nc5 Qxd3 16. Nxd3 Na6 17. e3 O-O 18. Nd2 d5 19. Rfc1 Rfc8 20. Nb3 Rxc1+ 21. Rxc1 Rc8 22. Na5 Rxc1+ 23. Nxc1 Ba8 24. Nd3 Bd8 25. Nb3 Be7 26. Bf1 Nb8 27. Nbc5 Bxc5 28. Nxc5 Kf8 29. Be2 Ke7 30. Kf1 Kd6 31. f4 Bc6 32. Ke1 f6 33. Kd2 a5 34. Nb3 a4 35. Nc5 Be8 36. Bd1 e5 37. Bxa4 Bg6 38. Bb5 exd4 39. exd4 Nc6 40. Bxc6 Kxc6 41. Ne6 Bb1 42. Nxg7 Bxa2 43. Nf5 Kb5 44. Nxh6 Kc4 45. Ng4 Kxd4 46. Nxf6 Bb1 47. h4 Kc4 48. h5 d4 49. g4 Kb3 50. Nd5 1-0

[Event "CAN-op"]
[Site "Winnipeg CAN"]
[Date "1997.07.13"]
[Round "2"]
[White "Waissbluth, Boris"]
[Black "Murey, Jacob"]
[Result "0-1"]
[WhiteElo "2140"]
[BlackElo "2440"]
[PlyCount "80"]
[GameId "2160767911932567"]
[EventDate "1997.07.12"]
[EventType "swiss"]
[EventRounds "10"]
[EventCountry "CAN"]
[SourceTitle "EXP 60"]
[Source "ChessBase"]
[SourceDate "1997.11.24"]
[SourceVersion "1"]
[SourceVersionDate "1997.11.24"]
[SourceQuality "1"]

1. e4 c5 2. Nf3 Nf6 3. Nc3 Nc6 4. d4 cxd4 5. Nxd4 d6 6. Be2 g6 7. O-O Bg7 8. Be3 O-O 9. Kh1 a6 10. f4 Qc7 11. Bf3 Rd8 12. Nb3 e6 13. Qe2 b5 14. Qf2 Rb8 15. e5 dxe5 16. Bxc6 Ng4 17. Qf3 Nxe3 18. Qxe3 Qxc6 19. fxe5 Bb7 20. Rf2 Qc7 21. Raf1 Qxe5 22. Qxe5 Bxe5 23. Rxf7 b4 24. Na4 Bc6 25. Nac5 Bb5 26. Nd3 Bxd3 27. cxd3 Rxd3 28. Nc5 Rd1 29. Nxa6 Rxf1+ 30. Rxf1 Rb5 31. Re1 Bd6 32. Rxe6 Rd5 33. g3 Kf7 34. Re4 Rd1+ 35. Kg2 Rd2+ 36. Kh3 Rxb2 37. Rh4 h5 38. Rc4 g5 39. Rc6 Ke6 40. Rb6 Kf5 0-1

[Event "CAN-op"]
[Site "Winnipeg CAN"]
[Date "1997.07.13"]
[Round "2"]
[White "Wong, Ford"]
[Black "Tomaras, Ioannis"]
[Result "1-0"]
[WhiteElo "2007"]
[BlackElo "1667"]
[PlyCount "67"]
[GameId "2160767911932568"]
[EventDate "1997.07.12"]
[EventType "swiss"]
[EventRounds "10"]
[EventCountry "CAN"]
[SourceTitle "EXP 60"]
[Source "ChessBase"]
[SourceDate "1997.11.24"]
[SourceVersion "1"]
[SourceVersionDate "1997.11.24"]
[SourceQuality "1"]

1. d4 Nf6 2. c4 g6 3. Nc3 Bg7 4. e4 O-O 5. f3 d6 6. Be3 e5 7. d5 Ne8 8. Qd2 f5 9. exf5 Bxf5 10. g4 Bc8 11. O-O-O Rf7 12. h4 Nd7 13. h5 Nf8 14. Ne4 Rd7 15. Bd3 Qe7 16. hxg6 Nxg6 17. Ng5 Nf6 18. Nxh7 Nxh7 19. Bxg6 Nf8 20. Be4 Kf7 21. Ne2 Ke8 22. Ng3 Rd8 23. Nf5 Bxf5 24. Bxf5 a6 25. Bg5 Bf6 26. Bxf6 Qxf6 27. Rh6 Qg7 28. Rdh1 b5 29. Rh8 Ra7 30. R1h7 Qf6 31. Qh2 Qg5+ 32. f4 Qxf4+ 33. Qxf4 exf4 34. Bg6# 1-0

[Event "CAN-op"]
[Site "Winnipeg CAN"]
[Date "1997.07.13"]
[Round "2"]
[White "Wu, Cynthia"]
[Black "Baragar, Fletcher"]
[Result "0-1"]
[WhiteElo "1775"]
[BlackElo "2371"]
[PlyCount "40"]
[GameId "2160767911932569"]
[EventDate "1997.07.12"]
[EventType "swiss"]
[EventRounds "10"]
[EventCountry "CAN"]
[SourceTitle "EXP 60"]
[Source "ChessBase"]
[SourceDate "1997.11.24"]
[SourceVersion "1"]
[SourceVersionDate "1997.11.24"]
[SourceQuality "1"]

1. e4 c5 2. Nf3 Nc6 3. d4 cxd4 4. Nxd4 Nf6 5. Nc3 d6 6. Bg5 e6 7. f4 Qb6 8. Nb3 Qe3+ 9. Qe2 Qxe2+ 10. Bxe2 a6 11. Bf3 Bd7 12. Nd1 Nb4 13. Kd2 d5 14. exd5 Nbxd5 15. c4 Nb6 16. Bxb7 Ra7 17. Bf3 Nxc4+ 18. Kc3 Rc7 19. Nd2 Na3+ 20. Kb3 Nc2 0-1

[Event "CAN-op"]
[Site "Winnipeg CAN"]
[Date "1997.07.13"]
[Round "2"]
[White "Zabala, Gustavo"]
[Black "Aguilar, Andres"]
[Result "1/2-1/2"]
[WhiteElo "1514"]
[BlackElo "1203"]
[PlyCount "51"]
[GameId "2160767911932570"]
[EventDate "1997.07.12"]
[EventType "swiss"]
[EventRounds "10"]
[EventCountry "CAN"]
[SourceTitle "EXP 60"]
[Source "ChessBase"]
[SourceDate "1997.11.24"]
[SourceVersion "1"]
[SourceVersionDate "1997.11.24"]
[SourceQuality "1"]

1. e4 e5 2. Nf3 Nc6 3. g3 Nf6 4. d3 Be7 5. Bg2 O-O 6. O-O Bc5 7. Re1 d6 8. Be3 Bxe3 9. Rxe3 Re8 10. Nbd2 Ng4 11. Re1 Nf6 12. h3 d5 13. Nf1 dxe4 14. dxe4 Qxd1 15. Raxd1 Nb4 16. a3 Nxc2 17. Re2 Nd4 18. Nxd4 exd4 19. Rxd4 c5 20. Rc4 b6 21. e5 Be6 22. Bxa8 Bxc4 23. Rc2 Bxf1 24. Kxf1 Rxa8 25. exf6 gxf6 26. Rd2 1/2-1/2

[Event "CAN-op"]
[Site "Winnipeg CAN"]
[Date "1997.07.13"]
[Round "3"]
[White "Aguilar, Andres"]
[Black "Iomdina, Bella"]
[Result "0-1"]
[WhiteElo "1203"]
[BlackElo "1904"]
[PlyCount "80"]
[GameId "2160767911932573"]
[EventDate "1997.07.12"]
[EventType "swiss"]
[EventRounds "10"]
[EventCountry "CAN"]
[SourceTitle "EXP 60"]
[Source "ChessBase"]
[SourceDate "1997.11.24"]
[SourceVersion "1"]
[SourceVersionDate "1997.11.24"]
[SourceQuality "1"]

1. e4 e6 2. Nf3 Nc6 3. Nc3 Nge7 4. Bc4 d5 5. exd5 Nxd5 6. O-O Be7 7. d3 Nxc3 8. bxc3 O-O 9. Bf4 Na5 10. Re1 Nxc4 11. dxc4 c5 12. Qxd8 Rxd8 13. Bc7 Rd7 14. Bf4 b6 15. Ne5 Rd8 16. Nc6 Re8 17. Rad1 Bf6 18. Be5 Bb7 19. Rd6 Kf8 20. Bxf6 gxf6 21. h3 Rec8 22. Nxa7 Rxa7 23. Rxb6 Rc7 24. Ra1 Rc6 25. Rxc6 Bxc6 26. f4 Be4 27. Re1 Bxc2 28. g4 Rxa2 29. Re2 Bb3 30. Rxa2 Bxa2 31. f5 Bxc4 32. fxe6 fxe6 33. Kg2 Ke7 34. Kg3 Kd6 35. h4 Ke5 36. g5 fxg5 37. hxg5 Kf5 38. Kh4 Kf4 39. Kh5 e5 40. Kh6 e4 0-1

[Event "CAN-op"]
[Site "Winnipeg CAN"]
[Date "1997.07.13"]
[Round "3"]
[White "Baltar, Noel"]
[Black "Roque, Rodolfo"]
[Result "0-1"]
[WhiteElo "1494"]
[BlackElo "1920"]
[PlyCount "108"]
[GameId "2160767911932574"]
[EventDate "1997.07.12"]
[EventType "swiss"]
[EventRounds "10"]
[EventCountry "CAN"]
[SourceTitle "EXP 60"]
[Source "ChessBase"]
[SourceDate "1997.11.24"]
[SourceVersion "1"]
[SourceVersionDate "1997.11.24"]
[SourceQuality "1"]

1. e4 e5 2. Nf3 Nc6 3. Bb5 Bc5 4. O-O Nd4 5. Bc4 d6 6. Nxd4 Bxd4 7. d3 Nf6 8. a4 Ng4 9. Qf3 O-O 10. h3 Qh4 11. c3 Bxf2+ 12. Rxf2 Nxf2 13. Qxf2 Qh5 14. Qe1 Be6 15. Nd2 Qg6 16. Kh2 f5 17. Bxe6+ Qxe6 18. Nf3 Rae8 19. Be3 a6 20. b4 f4 21. Bg1 Rf6 22. Ra3 Rh6 23. a5 Qf6 24. Bf2 g5 25. Kg1 Rg6 26. Nh2 h5 27. Ra2 Qe6 28. Qe2 g4 29. hxg4 hxg4 30. g3 Kf7 31. Ra1 Rh8 32. Be1 f3 33. Qa2 c6 34. Qxe6+ Kxe6 35. Ra2 d5 36. Nf1 d4 37. Rh2 Rxh2 38. Nxh2 Kd6 39. cxd4 exd4 40. Bd2 c5 41. Kf2 Kc6 42. bxc5 Kxc5 43. Nxg4 Rxg4 44. Kxf3 Rg8 45. g4 b5 46. axb6 Kxb6 47. e5 Kc5 48. g5 Kd5 49. Bf4 a5 50. e6 a4 51. Bc1 Rf8+ 52. Kg4 Kxe6 53. Kh5 Rf1 54. Ba3 Kf5 0-1

[Event "CAN-op"]
[Site "Winnipeg CAN"]
[Date "1997.07.13"]
[Round "3"]
[White "Baquero, Luis"]
[Black "Alderton, Peter"]
[Result "1-0"]
[WhiteElo "2365"]
[BlackElo "1674"]
[PlyCount "34"]
[GameId "2160767911932575"]
[EventDate "1997.07.12"]
[EventType "swiss"]
[EventRounds "10"]
[EventCountry "CAN"]
[SourceTitle "EXP 60"]
[Source "ChessBase"]
[SourceDate "1997.11.24"]
[SourceVersion "1"]
[SourceVersionDate "1997.11.24"]
[SourceQuality "1"]

1. d4 Nf6 2. c4 e5 3. dxe5 Ne4 4. Nc3 Bb4 5. Bd2 Bxc3 6. Bxc3 Nxc3 7. bxc3 Nc6 8. Nf3 O-O 9. Rb1 Re8 10. Rb5 b6 11. e3 Re7 12. Bd3 h6 13. O-O Qe8 14. Bf5 Nxe5 15. Rxe5 Rxe5 16. Nxe5 Qxe5 17. Bxd7 Bb7 1-0

[Event "CAN-op"]
[Site "Winnipeg CAN"]
[Date "1997.07.13"]
[Round "3"]
[White "Bowerman, Robert"]
[Black "Lombardi, Julian"]
[Result "1-0"]
[WhiteElo "2164"]
[BlackElo "1668"]
[PlyCount "67"]
[GameId "2160767911932576"]
[EventDate "1997.07.12"]
[EventType "swiss"]
[EventRounds "10"]
[EventCountry "CAN"]
[SourceTitle "EXP 60"]
[Source "ChessBase"]
[SourceDate "1997.11.24"]
[SourceVersion "1"]
[SourceVersionDate "1997.11.24"]
[SourceQuality "1"]

1. d4 d5 2. c4 Nf6 3. cxd5 Nxd5 4. Nc3 Nf6 5. e3 Bf5 6. Qf3 Qc8 7. e4 Bg6 8. e5 Nfd7 9. Bf4 Nc6 10. Qd1 e6 11. Nf3 Bh5 12. Be2 Bb4 13. O-O Nb6 14. h3 Ne7 15. a3 Bxc3 16. bxc3 O-O 17. a4 a5 18. Bc1 Rd8 19. Qb3 Qd7 20. Rd1 Ra7 21. c4 h6 22. Ba3 Nf5 23. Bc5 Ra6 24. g4 Bg6 25. gxf5 Bxf5 26. Nh4 Be4 27. Bf3 Bxf3 28. Nxf3 Qc6 29. Nd2 Nd7 30. Be7 Re8 31. Ba3 b6 32. Qb5 Qxb5 33. axb5 Raa8 34. Ne4 1-0

[Event "CAN-op"]
[Site "Winnipeg CAN"]
[Date "1997.07.13"]
[Round "3"]
[White "Gentes, Kevin"]
[Black "Psakhis, Lev"]
[Result "1/2-1/2"]
[WhiteElo "2385"]
[BlackElo "2611"]
[PlyCount "62"]
[GameId "2160767911932578"]
[EventDate "1997.07.12"]
[EventType "swiss"]
[EventRounds "10"]
[EventCountry "CAN"]
[SourceTitle "EXP 60"]
[Source "ChessBase"]
[SourceDate "1997.11.24"]
[SourceVersion "1"]
[SourceVersionDate "1997.11.24"]
[SourceQuality "1"]

1. g3 d5 2. Bg2 c6 3. Nf3 Bg4 4. b3 Nd7 5. Bb2 Ngf6 6. d3 a5 7. a3 e6 8. Nbd2 Bd6 9. O-O O-O 10. c4 Re8 11. Qc2 e5 12. e4 dxe4 13. Nxe4 Nxe4 14. dxe4 Bxf3 15. Bxf3 Qe7 16. Rad1 Red8 17. Qc1 Nf8 18. Bg4 Bc5 19. Kg2 f6 20. h4 Ne6 21. Rxd8+ Rxd8 22. Bxe6+ Qxe6 23. Rd1 Rd6 24. Qc2 Qd7 25. Rxd6 Qxd6 26. Bc3 b6 27. a4 Kf7 28. Qe2 Qd7 29. Qh5+ Kg8 30. Qe2 Kf7 31. Qd2 Bd4 1/2-1/2

[Event "CAN-op"]
[Site "Winnipeg CAN"]
[Date "1997.07.13"]
[Round "3"]
[White "Gofshtein, Leonid"]
[Black "Castaneda, Nelson"]
[Result "1-0"]
[WhiteElo "2545"]
[BlackElo "2310"]
[PlyCount "91"]
[GameId "2160767911932579"]
[EventDate "1997.07.12"]
[EventType "swiss"]
[EventRounds "10"]
[EventCountry "CAN"]
[SourceTitle "CBM 060 Extra"]
[Source "ChessBase"]
[SourceDate "1997.11.04"]
[SourceVersion "1"]
[SourceVersionDate "1997.11.04"]
[SourceQuality "1"]

1. d4 Nf6 2. c4 g6 3. Nc3 Bg7 4. e4 d6 5. Nf3 O-O 6. Be2 e5 7. O-O Nbd7 8. Qc2 c6 9. Be3 Qe7 10. Rad1 exd4 11. Nxd4 Re8 12. f3 a6 13. Kh1 d5 14. cxd5 Nxd5 15. Bf2 Nxc3 16. bxc3 Nc5 17. Bc4 Bd7 18. Ne2 Ne6 19. Qd2 Nf8 20. Bb6 Be6 21. Bb3 a5 22. Qc2 Nd7 23. Bc7 Be5 24. Bxe5 Nxe5 25. Nd4 Bc4 26. Rfe1 Ba6 27. f4 Nc4 28. e5 Rad8 29. Qf2 c5 30. Nf3 b6 31. Qe2 b5 32. a4 Na3 33. Bd5 Bb7 34. Bxb7 Qxb7 35. Ng5 Rxd1 36. Rxd1 b4 37. Ne4 Rb8 38. Nxc5 Qc6 39. Nd7 Rc8 40. Nf6+ Kg7 41. cxb4 axb4 42. Qg4 Qc1 43. h3 b3 44. Ne8+ Kf8 45. Nd6 Qxd1+ 46. Qxd1 1-0

[Event "CAN-op"]
[Site "Winnipeg CAN"]
[Date "1997.07.13"]
[Round "3"]
[White "Goude, Brian"]
[Black "Sasikiran, Krishnan"]
[Result "0-1"]
[WhiteElo "1871"]
[BlackElo "2430"]
[PlyCount "24"]
[GameId "2160767911932580"]
[EventDate "1997.07.12"]
[EventType "swiss"]
[EventRounds "10"]
[EventCountry "CAN"]
[SourceTitle "EXP 60"]
[Source "ChessBase"]
[SourceDate "1997.11.24"]
[SourceVersion "1"]
[SourceVersionDate "1997.11.24"]
[SourceQuality "1"]

1. d4 Nf6 2. Nf3 g6 3. g3 Bg7 4. Bg2 O-O 5. O-O d6 6. Nbd2 Nbd7 7. b3 e5 8. Bb2 e4 9. Ng5 d5 10. c4 c6 11. Bh3 h6 12. Bxd7 Bxd7 0-1

[Event "CAN-op"]
[Site "Winnipeg CAN"]
[Date "1997.07.13"]
[Round "3"]
[White "Kulczycki, Michael"]
[Black "Neven, Knut"]
[Result "0-1"]
[WhiteElo "1722"]
[BlackElo "2245"]
[PlyCount "88"]
[GameId "2160767911932582"]
[EventDate "1997.07.12"]
[EventType "swiss"]
[EventRounds "10"]
[EventCountry "CAN"]
[SourceTitle "EXP 60"]
[Source "ChessBase"]
[SourceDate "1997.11.24"]
[SourceVersion "1"]
[SourceVersionDate "1997.11.24"]
[SourceQuality "1"]

1. d4 Nf6 2. Nf3 g6 3. g3 Bg7 4. Bg2 O-O 5. O-O d5 6. b3 Ne4 7. Bb2 c5 8. e3 Nc6 9. Nbd2 Bg4 10. h3 Nxd2 11. Qxd2 Bf5 12. Rac1 Rc8 13. c3 b6 14. Rfd1 Be4 15. Ng5 Bxg2 16. Kxg2 e6 17. Nf3 Qc7 18. Qe2 Rfd8 19. a3 Na5 20. Nd2 c4 21. b4 Nb3 22. Nxb3 cxb3 23. Re1 a5 24. Qd1 Qc4 25. Qe2 b5 26. Qxc4 dxc4 27. f4 Ra8 28. Ra1 Bf8 29. Kf3 Ra7 30. Rec1 Rda8 31. Ke2 Kg7 32. Kf3 Kf6 33. g4 Ke7 34. Rd1 Kd7 35. d5 exd5 36. Rxd5+ Kc6 37. Rad1 axb4 38. cxb4 Rxa3 39. Bxa3 Rxa3 40. Rd8 Bxb4 41. Rc8+ Kb7 42. Rdd8 Bd6 43. Rxc4 bxc4 44. Rxd6 b2 0-1

[Event "CAN-op"]
[Site "Winnipeg CAN"]
[Date "1997.07.13"]
[Round "3"]
[White "Lipnowski, Irwin"]
[Black "Stefansson, Hannes"]
[Result "0-1"]
[WhiteElo "2382"]
[BlackElo "2545"]
[PlyCount "66"]
[GameId "2160767911932583"]
[EventDate "1997.07.12"]
[EventType "swiss"]
[EventRounds "10"]
[EventCountry "CAN"]
[SourceTitle "EXP 60"]
[Source "ChessBase"]
[SourceDate "1997.11.24"]
[SourceVersion "1"]
[SourceVersionDate "1997.11.24"]
[SourceQuality "1"]

1. c4 e5 2. g3 Nf6 3. Bg2 d5 4. cxd5 Nxd5 5. Nc3 Nb6 6. Nf3 Nc6 7. O-O Be7 8. d3 O-O 9. a3 Be6 10. b4 a5 11. b5 Nd4 12. Nxd4 exd4 13. Na4 Bd5 14. Nxb6 cxb6 15. Bxd5 Qxd5 16. a4 Rfe8 17. e4 dxe3 18. Bxe3 Bc5 19. d4 Bd6 20. Qd3 h5 21. f3 Re6 22. Bf2 Bb4 23. Rac1 Rae8 24. Rc2 h4 25. gxh4 Bd6 26. Kg2 Rg6+ 27. Kh1 Qe6 28. d5 Qh3 29. Bxb6 Qxh4 30. Qb3 Qh3 31. Rd1 Re5 32. Rg1 Rh5 33. Rxg6 Bxh2 0-1

[Event "CAN-op"]
[Site "Winnipeg CAN"]
[Date "1997.07.13"]
[Round "3"]
[White "Murey, Jacob"]
[Black "Siciliano, Steve"]
[Result "1-0"]
[WhiteElo "2440"]
[BlackElo "1590"]
[PlyCount "77"]
[GameId "2160767911932584"]
[EventDate "1997.07.12"]
[EventType "swiss"]
[EventRounds "10"]
[EventCountry "CAN"]
[SourceTitle "EXP 60"]
[Source "ChessBase"]
[SourceDate "1997.11.24"]
[SourceVersion "1"]
[SourceVersionDate "1997.11.24"]
[SourceQuality "1"]

1. c4 e5 2. Nf3 Nc6 3. g3 Nf6 4. Bg2 g6 5. d4 exd4 6. Nxd4 Bg7 7. Nxc6 bxc6 8. Nc3 a5 9. O-O O-O 10. Rb1 Rb8 11. b3 Bb7 12. e4 Re8 13. Bb2 d6 14. Re1 Nd7 15. Na4 Nb6 16. Bxg7 Kxg7 17. Nxb6 cxb6 18. Qd4+ f6 19. Rbd1 Qc7 20. Qxd6 Qxd6 21. Rxd6 Rbd8 22. Red1 Rxd6 23. Rxd6 Re7 24. e5 fxe5 25. Bxc6 Kf7 26. Kf1 Bxc6 27. Rxc6 Re6 28. Rxe6 Kxe6 29. a3 Kf5 30. f3 g5 31. Ke2 g4 32. fxg4+ Kxg4 33. b4 Kf5 34. Ke3 a4 35. g4+ Ke6 36. h4 h6 37. Ke4 Kf6 38. Kd5 h5 39. gxh5 1-0

[Event "CAN-op"]
[Site "Winnipeg CAN"]
[Date "1997.07.13"]
[Round "3"]
[White "Nickoloff, Bryon"]
[Black "Stockhausen, Peter"]
[Result "1-0"]
[WhiteElo "2473"]
[BlackElo "1728"]
[PlyCount "61"]
[GameId "2160767911932585"]
[EventDate "1997.07.12"]
[EventType "swiss"]
[EventRounds "10"]
[EventCountry "CAN"]
[SourceTitle "EXP 60"]
[Source "ChessBase"]
[SourceDate "1997.11.24"]
[SourceVersion "1"]
[SourceVersionDate "1997.11.24"]
[SourceQuality "1"]

1. d4 c6 2. c4 d5 3. cxd5 cxd5 4. Bf4 Bf5 5. Nc3 Nf6 6. e3 a6 7. Nf3 Nc6 8. Ne5 Qa5 9. Be2 e6 10. Nxc6 bxc6 11. O-O Be7 12. Qa4 Qb6 13. Rfc1 O-O 14. Qb3 Qd8 15. Na4 Bd6 16. Rxc6 Bxf4 17. exf4 Ne4 18. Rac1 Qh4 19. g3 Qf6 20. Qe3 Qg6 21. Nb6 Rad8 22. Bxa6 Bh3 23. Bd3 Bf5 24. Bf1 h5 25. Nc8 Rfe8 26. b4 h4 27. b5 hxg3 28. fxg3 Qh5 29. b6 Nf6 30. b7 Ng4 31. Qd2 1-0

[Event "CAN-op"]
[Site "Winnipeg CAN"]
[Date "1997.07.13"]
[Round "3"]
[White "Perron, Sean"]
[Black "Hjartarson, Johann"]
[Result "0-1"]
[WhiteElo "2154"]
[BlackElo "2585"]
[PlyCount "66"]
[GameId "2160767911932586"]
[EventDate "1997.07.12"]
[EventType "swiss"]
[EventRounds "10"]
[EventCountry "CAN"]
[SourceTitle "EXP 60"]
[Source "ChessBase"]
[SourceDate "1997.11.24"]
[SourceVersion "1"]
[SourceVersionDate "1997.11.24"]
[SourceQuality "1"]

1. d4 Nf6 2. Nf3 d6 3. g3 Nbd7 4. c4 e5 5. Nc3 Be7 6. Bg2 O-O 7. O-O c6 8. e4 a6 9. a4 Re8 10. Re1 exd4 11. Nxd4 Bf8 12. h3 a5 13. Qc2 g6 14. Be3 Nc5 15. Rad1 Qb6 16. Kh2 h5 17. f4 Nfd7 18. Bg1 Qb4 19. b3 Bg7 20. Rb1 Nf8 21. Red1 f5 22. exf5 Bxd4 23. Bxd4 Bxf5 24. Qb2 Nfe6 25. Bf2 Bxb1 26. Rxb1 Ng7 27. Qc2 Re6 28. g4 hxg4 29. hxg4 Rf8 30. Nd5 cxd5 31. Bxd5 Rxf4 32. Kg3 g5 33. Rh1 Ne4+ 0-1

[Event "CAN-op"]
[Site "Winnipeg CAN"]
[Date "1997.07.13"]
[Round "3"]
[White "Remillard, John"]
[Black "Schulz, Manfred"]
[Result "0-1"]
[WhiteElo "1601"]
[BlackElo "1978"]
[PlyCount "70"]
[GameId "2160767911932587"]
[EventDate "1997.07.12"]
[EventType "swiss"]
[EventRounds "10"]
[EventCountry "CAN"]
[SourceTitle "EXP 60"]
[Source "ChessBase"]
[SourceDate "1997.11.24"]
[SourceVersion "1"]
[SourceVersionDate "1997.11.24"]
[SourceQuality "1"]

1. c4 c6 2. Nc3 d5 3. cxd5 cxd5 4. d4 Nf6 5. Nf3 Nc6 6. Bf4 Bg4 7. Ne5 Qb6 8. Nxg4 Nxg4 9. Nxd5 Qa5+ 10. Nc3 e5 11. dxe5 Bb4 12. e6 fxe6 13. Qc1 O-O 14. e3 Rxf4 15. exf4 Qc5 16. Qc2 Nd4 17. Qd2 Rd8 18. Bd3 Nxf2 19. Qxf2 Bxc3+ 20. Kf1 Ba5 21. Rd1 Bb6 22. Bb1 Qc4+ 23. Bd3 Qxa2 24. g4 Nf5 25. Qe2 Ne3+ 26. Ke1 Nxd1 27. Qxd1 Qd5 28. Bxh7+ Kxh7 29. Qxd5 Rxd5 30. Ke2 Rb5 31. Rb1 Rb3 32. h4 Bd4 33. h5 Rxb2+ 34. Rxb2 Bxb2 35. Kd3 a5 0-1

[Event "CAN-op"]
[Site "Winnipeg CAN"]
[Date "1997.07.13"]
[Round "3"]
[White "Rodriguez, Tony"]
[Black "Kirton, Dale"]
[Result "1/2-1/2"]
[WhiteElo "1705"]
[BlackElo "2240"]
[PlyCount "56"]
[GameId "2160767911932588"]
[EventDate "1997.07.12"]
[EventType "swiss"]
[EventRounds "10"]
[EventCountry "CAN"]
[SourceTitle "EXP 60"]
[Source "ChessBase"]
[SourceDate "1997.11.24"]
[SourceVersion "1"]
[SourceVersionDate "1997.11.24"]
[SourceQuality "1"]

1. e4 c5 2. f4 e6 3. Nf3 Nc6 4. d3 d6 5. c4 g6 6. Nbd2 Bg7 7. Rb1 Nf6 8. Be2 O-O 9. O-O Ng4 10. Nb3 f5 11. h3 Nf6 12. exf5 exf5 13. d4 cxd4 14. Nbxd4 Ne4 15. Nxc6 bxc6 16. Bd3 Re8 17. Re1 h6 18. Qc2 d5 19. Be3 Kh7 20. Bd4 Bxd4+ 21. Nxd4 Bd7 22. Nf3 Be6 23. c5 a5 24. a3 Re7 25. b4 axb4 26. axb4 Rea7 27. b5 cxb5 28. Rxb5 Qc7 1/2-1/2

[Event "CAN-op"]
[Site "Winnipeg CAN"]
[Date "1997.07.13"]
[Round "3"]
[White "Ross, Dave"]
[Black "Spraggett, Kevin"]
[Result "1/2-1/2"]
[WhiteElo "2345"]
[BlackElo "2575"]
[PlyCount "20"]
[GameId "2160767911932589"]
[EventDate "1997.07.12"]
[EventType "swiss"]
[EventRounds "10"]
[EventCountry "CAN"]
[SourceTitle "CBM 060 Extra"]
[Source "ChessBase"]
[SourceDate "1997.11.04"]
[SourceVersion "1"]
[SourceVersionDate "1997.11.04"]
[SourceQuality "1"]

1. d4 Nf6 2. Nf3 e6 3. Bg5 h6 4. Bxf6 Qxf6 5. e4 d6 6. Nc3 Nd7 7. Qd2 Qd8 8. O-O-O a6 9. h4 b5 10. e5 d5 1/2-1/2